| 000 | 00574nam a2200169 a 4500 | ||
|---|---|---|---|
| 001 | 000025684 | ||
| 005 | 20200930023954.0 | ||
| 008 | 110221s2004 dr 000 0 spa d | ||
| 040 |
_aDO-SdBNP _bspa _cBNPHU |
||
| 100 | 1 |
_aClare Prophet, Elizabeth _952449 |
|
| 240 | 1 | 0 | _aSecret ray rosaries |
| 245 | 1 | 0 |
_aRosario de los rayos secretos / _cElizabeth Clare Prophet. |
| 260 |
_aSanto Domingo : _bCentro de Edtudio de las Enseñanzas de los Maestros, _c2004. |
||
| 300 |
_a70 p. ; _c22 cm. |
||
| 500 | _aCinco ministerios del rosario de la madre para su niños | ||
| 049 | _aBNPD | ||
| 999 |
_c25176 _d25176 |
||